Cẩm nang tuyên truyền, giáo dục văn hóa giao thông trong nhà trường

সংরক্ষণ করুন:
গ্রন্থ-পঞ্জীর বিবরন
বিন্যাস: গ্রন্থ
প্রকাশিত: Hà Nội Văn hóa - Thông tin 2011
বিষয়গুলি:
ট্যাগগুলো: ট্যাগ যুক্ত করুন
কোনো ট্যাগ নেই, প্রথমজন হিসাবে ট্যাগ করুন!
Thư viện lưu trữ: Trung tâm Học liệu Lê Vũ Hùng, Trường Đại học Đồng Tháp
LEADER 00813pam a22002178a 4500
001 00028259
005 20171026081023.0
008 120312s2011 ||||||Viesd
020 |c 320000 
041 0 # |a Vie 
082 1 4 |a 343.597  |b C120N 
245 0 0 |a Cẩm nang tuyên truyền, giáo dục văn hóa giao thông trong nhà trường 
260 # # |a Hà Nội  |b Văn hóa - Thông tin  |c 2011 
300 # # |a 501tr.  |c 27cm. 
650 # 4 |a Luật giao thông  |z Việt Nam 
653 # # |a Giáo dục trong nhà trường 
852 # # |b Kho mượn  |j KM.0009525, KM.0010527, KM.0014091 
852 # # |b Kho đọc  |j KD.0012539 
852 # # |j KM.0010527  |j KD.0012539  |j KM.0014091  |j KM.0009525 
910 |d 12/03/2012 
980 # # |a Trung tâm Học liệu Lê Vũ Hùng, Trường Đại học Đồng Tháp